Statistics for Name a Valid Country #3

Click here to take the quiz!

General Stats

  • This quiz has been taken 84 times
  • The average score is 7 of 15

Answer Stats

HintAnswer% Correct
The countries of the mountain range Atlas.Morocco / Algeria / Tunisia
77%
Countries bordering Lake Tanganyika.Burundi / Democratic Republic of the Congo / Tanzania / Zambia
73%
The countries of the mountain range Hindu Kush.Afghanistan / Tajikistan / Pakistan
71%
Top 3 countries with the most islands.Sweden / Finland / Norway
69%
Countries through which the river Oranje flows.Lesotho / South Africa / Namibia
67%
The country where the Aral Sea is drying up.Kazakhstan / Uzbekistan
65%
Countries through which the river Orinoco flows.Colombia / Venezuela
51%
Countries bordering Lake Constance.Germany / Switzerland / Austria
49%
Countries with maroon-colored flags.Latvia / Qatar / Sri Lanka
44%
Top 3 chocolate producing countries.Ivory Coast / Ghana / Ecuador
40%
3 countries making last change to current flag design.Honduras / Afghanistan / China
36%
Countries through which the river Okavango River flows.Angola / Namibia / Botswana
33%
3 countries with the highest minimum elevation above sea level.Lesotho / Rwanda / Andorra
29%
Countries through which the river Marano flows.Italy / San Marino
21%
Countries that share peak Korab.North Macedonia / Albania
13%

Score Distribution

Percentile by Number Answered

Percent of People with Each Score

Your Score History

You have not taken this quiz